| 000 | 00388nam a2200133Ia 4500 | ||
|---|---|---|---|
| 008 | 210430s9999 xx 000 0 und d | ||
| 020 | _a306473616 | ||
| 082 | _a 621.38152Y121S | ||
| 100 | _aB.G. Yacobi | ||
| 245 |
_aSemiconductor Materials An Introduction to Basic Principals _cB.G. Yacobi |
||
| 260 |
_aNew York _bKluwer Academic Publishers _c2004 |
||
| 300 | _a228 | ||
| 942 |
_cBK _2ddc |
||
| 999 |
_c565117 _d565117 |
||